[Event "WY U-16 Chess Olympiad 2019"]
[Site "Corum"]
[Date "2019.10.31"]
[Round "4"]
[White "Risteski, Emil"]
[Black "Kenbeilov, Timur"]
[Result "0-1"]
[WhiteElo "2197"]
[BlackElo "1844"]
[Annotator "NA"]
[PlyCount "74"]
[EventDate "2019.10.28"]
[EventType "team-tourn"]
[EventCountry "TUR"]
[SourceTitle "playchess.com"]
[Source "ChessBase"]
[SourceQuality "1"]

1. e4 d5 2. exd5 Qxd5 3. Nc3 Qd6 4. d4 Nf6 5. Nf3 Bg4 6. h3 Bh5 7. Be2 e6 8. O-O Nc6 9. Nb5 Qd7 10. g4 Bg6 11. Ne5 Nxe5 12. dxe5 Nd5 13. c4 Nb4 14. Qxd7+ Kxd7 15. Rd1+ Kc8 16. Bg5 Bc5 17. a3 Nc2 18. Rac1 a6 19. Nc3 Nd4 20. b4 Ba7 21. c5 Nb3 22. Bf3 h6 23. Bh4 Nxc1 24. Rxc1 Bh7 25. Rd1 g5 26. Bg3 Rb8 27. Be4 Bxe4 28. Nxe4 Rd8 29. Rxd8+ Kxd8 30. h4 gxh4 31. Bxh4+ Kd7 32. f4 Kc6 33. Kg2 b6 34. cxb6 Bxb6 35. g5 hxg5 36. Nxg5 Be3 37. Nxf7 Bxf4 0-1

[Event "WY U-16 Chess Olympiad 2019"]
[Site "Corum"]
[Date "2019.10.31"]
[Round "4"]
[White "Santos, Jose Guilherme B Lim"]
[Black "Thenuwara, Rashmika"]
[Result "1-0"]
[WhiteElo "2183"]
[BlackElo "1507"]
[Annotator "NA"]
[PlyCount "97"]
[EventDate "2019.10.28"]
[EventType "team-tourn"]
[EventCountry "TUR"]
[SourceTitle "playchess.com"]
[Source "ChessBase"]
[SourceQuality "1"]

1. c4 c5 2. Nc3 Nc6 3. Nf3 g6 4. e3 Bg7 5. d4 cxd4 6. exd4 d6 7. d5 Ne5 8. Nd4 Nf6 9. Be2 a6 10. O-O Qc7 11. f4 Ned7 12. Be3 O-O 13. Rc1 Nc5 14. Bf3 Re8 15. b4 Ncd7 16. Qb3 Kh8 17. Na4 e5 18. dxe6 fxe6 19. c5 d5 20. c6 Nf8 21. b5 b6 22. bxa6 Bxa6 23. Nb5 Bxb5 24. Qxb5 Reb8 25. Rc2 N6d7 26. Rfc1 Nc5 27. Nxb6 Rxb6 28. Qxc5 Rbb8 29. Bd2 Ra4 30. Bc3 d4 31. Ba1 Kg8 32. Rb2 Rxb2 33. Bxb2 Rxa2 34. Bxd4 Ra5 35. Qb6 Bxd4+ 36. Qxd4 Ra7 37. Kh1 h5 38. Qxa7 Qxa7 39. c7 Qe3 40. c8=Q Qxf4 41. Qc7 Qe3 42. h3 h4 43. Bg4 g5 44. Rf1 Qd4 45. Qf7+ Kh8 46. Qxf8+ Kh7 47. Rf7+ Kg6 48. Qg8+ Kh6 49. Rh7# 1-0

[Event "WY U-16 Chess Olympiad 2019"]
[Site "Corum"]
[Date "2019.10.31"]
[Round "4"]
[White "Brilej, Jaka"]
[Black "Lashkin, Jegor"]
[Result "0-1"]
[WhiteElo "2177"]
[BlackElo "2304"]
[Annotator "NA"]
[PlyCount "146"]
[EventDate "2019.10.28"]
[EventType "team-tourn"]
[EventCountry "TUR"]
[SourceTitle "playchess.com"]
[Source "ChessBase"]
[SourceQuality "1"]

1. e4 c5 2. Nf3 d6 3. d4 cxd4 4. Nxd4 Nf6 5. Nc3 a6 6. f3 e5 7. Nb3 Be6 8. Be3 h5 9. Qd2 Nbd7 10. Nd5 Bxd5 11. exd5 g6 12. Be2 Bg7 13. O-O b6 14. c4 O-O 15. Rac1 Re8 16. h3 Nh7 17. Bd3 Bf6 18. Bb1 Bg5 19. f4 exf4 20. Bxf4 Ne5 21. Nd4 Rc8 22. b3 Bxf4 23. Qxf4 Qg5 24. Qf2 Re7 25. Rce1 Rce8 26. Kh1 Nd7 27. Rxe7 Qxe7 28. Nf3 Qf6 29. Re1 Rxe1+ 30. Qxe1 Ng5 31. Qh4 Nxf3 32. Qxf6 Nxf6 33. gxf3 h4 34. Bd3 a5 35. Kg1 Nh5 36. Kf2 Kg7 37. Ke3 f5 38. f4 Nf6 39. a3 Nd7 40. b4 Kf6 41. Kd4 g5 42. fxg5+ Kxg5 43. Bc2 axb4 44. axb4 Kf4 45. Ba4 Nf6 46. c5 bxc5+ 47. bxc5 dxc5+ 48. Kxc5 Ke5 49. Bc2 Ne8 50. Bd1 Nd6 51. Bf3 f4 52. Bg4 Nf7 53. Bf3 Ng5 54. Bh5 f3 55. d6 f2 56. Be2 Ne4+ 57. Kc4 Nxd6+ 58. Kd3 Kf4 59. Bf1 Ne4 60. Ke2 Kg3 61. Ke3 Ng5 62. Ke2 Nf3 63. Ke3 Nh2 64. Ke2 Nf3 65. Ke3 Ng1 66. Ke4 Nf3 67. Ke3 Ne5 68. Ke4 Nd7 69. Ke3 Nf6 70. Ke2 Nd5 71. Kd3 Kf3 72. Kd2 Ne3 73. Be2+ Kf4 0-1

[Event "WY U-16 Chess Olympiad 2019"]
[Site "Corum"]
[Date "2019.10.31"]
[Round "4"]
[White "Kasimov, Ali"]
[Black "Ajay Karthikeyan"]
[Result "1/2-1/2"]
[WhiteElo "2166"]
[BlackElo "2214"]
[Annotator "NA"]
[PlyCount "115"]
[EventDate "2019.10.28"]
[EventType "team-tourn"]
[EventCountry "TUR"]
[SourceTitle "playchess.com"]
[Source "ChessBase"]
[SourceQuality "1"]

1. d4 Nf6 2. c4 e6 3. Nc3 Bb4 4. Qc2 c5 5. dxc5 Bxc5 6. Nf3 O-O 7. Bf4 Nc6 8. Rd1 b6 9. e3 Bb7 10. a3 h6 11. Be2 Nh5 12. Bd6 Bxd6 13. Rxd6 Qe7 14. Rd2 Rac8 15. O-O Na5 16. b3 Nf6 17. Qb2 d5 18. cxd5 Nxd5 19. Nxd5 Bxd5 20. Nd4 Qg5 21. g3 Qf6 22. f4 Rfd8 23. Bd1 Bb7 24. Rc2 e5 25. Rxc8 Rxc8 26. Nf3 exf4 27. Qxf6 gxf6 28. exf4 Rc3 29. Nd4 Rd3 30. Nf5 Nxb3 31. Nxh6+ Kf8 32. Ng4 Nd4 33. a4 Rd2 34. Ne3 Ne2+ 35. Kf2 Nd4+ 36. Kg1 Ra2 37. Rf2 Ra3 38. Rd2 Ne6 39. Kf2 Nc5 40. Bc2 Be4 41. Nc4 Rc3 42. Ne3 Bxc2 43. Rxc2 Nxa4 44. Rd2 Nc5 45. Ke2 Ne6 46. Rd7 a5 47. Rb7 Nd4+ 48. Kd2 Rb3 49. Nc4 Nf3+ 50. Kc2 Nd4+ 51. Kd2 b5 52. Nxa5 Ra3 53. Rb8+ Kg7 54. Nb7 Nf3+ 55. Ke2 Nd4+ 56. Kd2 Nf3+ 57. Ke2 Nxh2 58. Nd6 1/2-1/2

[Event "WY U-16 Chess Olympiad 2019"]
[Site "Corum"]
[Date "2019.10.31"]
[Round "4"]
[White "Itgelt, Khuyagtsogt"]
[Black "Daggupati, Balaji"]
[Result "0-1"]
[WhiteElo "2160"]
[BlackElo "2310"]
[Annotator "NA"]
[PlyCount "89"]
[EventDate "2019.10.28"]
[EventType "team-tourn"]
[EventCountry "TUR"]
[SourceTitle "playchess.com"]
[Source "ChessBase"]
[SourceQuality "1"]

1. d4 d5 2. c4 c6 3. Nc3 dxc4 4. e3 b5 5. a4 b4 6. Na2 e6 7. Bxc4 Nf6 8. Nf3 Nbd7 9. O-O Bb7 10. Bd2 a5 11. Nc1 Qc7 12. Nb3 Bd6 13. Qe2 O-O 14. Rac1 Nb6 15. Rfe1 Nxa4 16. e4 Be7 17. Bg5 Nb6 18. Bd3 h6 19. e5 hxg5 20. Nxg5 Rfe8 21. Qf3 Bd8 22. Nc5 Nfd5 23. Bh7+ Kh8 24. Nce4 Bxg5 25. Nxg5 g6 26. Qh3 Kg7 27. Bxg6 fxg6 28. Qh7+ Kf8 29. Qh8+ Ke7 30. Qg7+ Kd8 31. Nf7+ Kc8 32. Nd6+ Kb8 33. Nxe8 Qxg7 34. Nxg7 Nf4 35. Rcd1 Kc7 36. g3 Rg8 37. gxf4 Rxg7 38. b3 Nd5 39. Kg2 Nxf4+ 40. Kf3 Rf7 41. Kg4 Ng2 42. Rg1 Nf4 43. Rd2 Ba6 44. Ra2 Kb6 45. Rga1 0-1

[Event "WY U-16 Chess Olympiad 2019"]
[Site "Corum"]
[Date "2019.10.31"]
[Round "4"]
[White "Kusa, Jakub"]
[Black "Garayev, Sadig"]
[Result "1-0"]
[WhiteElo "2156"]
[BlackElo "1723"]
[Annotator "NA"]
[PlyCount "92"]
[EventDate "2019.10.28"]
[EventType "team-tourn"]
[EventCountry "TUR"]
[SourceTitle "playchess.com"]
[Source "ChessBase"]
[SourceQuality "1"]

1. e4 c5 2. Nf3 d6 3. Bb5+ Nd7 4. O-O a6 5. Bd3 Ngf6 6. Re1 e5 7. c3 Be7 8. Bc2 O-O 9. d4 b5 10. a4 Rb8 11. d5 Re8 12. Nbd2 Nf8 13. Nf1 Bd7 14. axb5 axb5 15. h3 Qc8 16. Ng3 Ng6 17. Kh2 Bd8 18. Be3 Bb6 19. Qd2 c4 20. Bg5 Bd8 21. Ra7 h6 22. Be3 Bb6 23. Bxb6 Rxb6 24. Nf5 Bxf5 25. exf5 Nf4 26. g4 Rb7 27. Ra6 Rd7 28. Rc6 Qa8 29. Be4 Nxe4 30. Rxe4 Rc8 31. Nd4 Nxd5 32. Rxc8+ Qxc8 33. Nxb5 Nf6 34. Re1 Qc6 35. Na3 Ne4 36. Qe2 d5 37. Nxc4 dxc4 38. Qxe4 Qc5 39. Qe3 Qxe3 40. Rxe3 f6 41. Re4 Rd2 42. Kg3 Rxb2 43. Rxc4 Kf7 44. Rc7+ Kf8 45. f3 Rc2 46. Kh4 Rf2 1-0

[Event "WY U-16 Chess Olympiad 2019"]
[Site "Corum"]
[Date "2019.10.31"]
[Round "4"]
[White "Chan, Yi Meng Ryan"]
[Black "Miletic, Vuk"]
[Result "1-0"]
[WhiteElo "2130"]
[BlackElo "2105"]
[Annotator "NA"]
[PlyCount "69"]
[EventDate "2019.10.28"]
[EventType "team-tourn"]
[EventCountry "TUR"]
[SourceTitle "playchess.com"]
[Source "ChessBase"]
[SourceQuality "1"]

1. d4 Nf6 2. c4 e6 3. Nf3 Bb4+ 4. Bd2 a5 5. a3 Bxd2+ 6. Nbxd2 d5 7. Qc2 O-O 8. e4 dxe4 9. Nxe4 Nxe4 10. Qxe4 Nd7 11. Qc2 Nf6 12. Bd3 Qd6 13. O-O-O Qf4+ 14. Kb1 Rd8 15. Qe2 b6 16. g3 Qh6 17. Rhg1 Bb7 18. h4 Nd7 19. g4 Qf4 20. Ng5 h6 21. Be4 hxg5 22. Bxb7 Rab8 23. Bc6 Nf8 24. Be4 Rd6 25. hxg5 Qxg5 26. Rh1 Rbd8 27. f4 Qxf4 28. Rdf1 Qg5 29. Rh5 Qe7 30. Qh2 f5 31. gxf5 exf5 32. Rh8+ Kf7 33. Bxf5 Qg5 34. Bg6+ Kxg6 35. Qc2+ 1-0

[Event "WY U-16 Chess Olympiad 2019"]
[Site "Corum"]
[Date "2019.10.31"]
[Round "4"]
[White "Deng Yu Dong Michael"]
[Black "Altundal, Arda"]
[Result "1-0"]
[WhiteElo "2130"]
[BlackElo "1776"]
[Annotator "NA"]
[PlyCount "81"]
[EventDate "2019.10.28"]
[EventType "team-tourn"]
[EventCountry "TUR"]
[SourceTitle "playchess.com"]
[Source "ChessBase"]
[SourceQuality "1"]

1. d4 d5 2. c4 e6 3. Nc3 Nf6 4. Bg5 Be7 5. e3 O-O 6. Nf3 b6 7. Bd3 Bb7 8. O-O Ne4 9. Bxe7 Qxe7 10. Rc1 c5 11. Qe2 Nd7 12. Rfd1 Rfd8 13. cxd5 exd5 14. dxc5 bxc5 15. Ba6 Ndf6 16. Bxb7 Qxb7 17. Nxe4 Nxe4 18. b3 a5 19. Nd2 Nxd2 20. Qxd2 Qb6 21. Rc3 Rd6 22. Qc2 Rc8 23. h3 h6 24. Qf5 Rcd8 25. Rc2 g6 26. Qe5 Re6 27. Qc3 Rc6 28. h4 Kh7 29. h5 Kg8 30. Rd4 Kh7 31. Ra4 Ra8 32. hxg6+ fxg6 33. Qe5 Rd8 34. Qe7+ Kg8 35. Rf4 Re6 36. Qf7+ Kh8 37. Rxc5 Qxc5 38. Qxe6 Qc1+ 39. Kh2 Rg8 40. Qe5+ Rg7 41. Rf7 1-0

[Event "WY U-16 Chess Olympiad 2019"]
[Site "Corum"]
[Date "2019.10.31"]
[Round "4"]
[White "Butvilas, Aistis"]
[Black "Csiki, Endre"]
[Result "1-0"]
[WhiteElo "2116"]
[BlackElo "2287"]
[Annotator "NA"]
[PlyCount "83"]
[EventDate "2019.10.28"]
[EventType "team-tourn"]
[EventCountry "TUR"]
[SourceTitle "playchess.com"]
[Source "ChessBase"]
[SourceQuality "1"]

1. d4 Nf6 2. c4 g6 3. Nc3 d5 4. Nf3 Bg7 5. h4 dxc4 6. e4 c5 7. d5 b5 8. h5 Nxh5 9. Nxb5 a6 10. Nc3 Qd6 11. Be3 Nd7 12. Qd2 Ne5 13. Nxe5 Bxe5 14. Bxc4 Bd7 15. Rxh5 gxh5 16. f4 Bd4 17. Bxd4 cxd4 18. Qxd4 Rg8 19. e5 Qh6 20. O-O-O Rb8 21. d6 e6 22. Qd2 Rg4 23. g3 Rxg3 24. Ne4 Rg6 25. Kb1 h4 26. Ng5 Qg7 27. Qd4 h3 28. Qa7 Rd8 29. Nxh3 Rg3 30. Nf2 h5 31. Bxa6 h4 32. Bb5 f5 33. exf6 Qg6+ 34. Ka1 Qxf6 35. Ne4 Qg7 36. Bxd7+ Rxd7 37. Qb8+ Kf7 38. Qc8 Kg6 39. Nxg3 hxg3 40. a3 Kh5 41. Qe8+ Rf7 42. d7 1-0

[Event "WY U-16 Chess Olympiad 2019"]
[Site "Corum"]
[Date "2019.10.31"]
[Round "4"]
[White "Srdanovic, Jovana"]
[Black "Lee, Dariya"]
[Result "1-0"]
[WhiteElo "2100"]
[BlackElo "1423"]
[Annotator "NA"]
[PlyCount "43"]
[EventDate "2019.10.28"]
[EventType "team-tourn"]
[EventCountry "TUR"]
[SourceTitle "playchess.com"]
[Source "ChessBase"]
[SourceQuality "1"]

1. d4 d6 2. Nf3 g6 3. c4 Bg7 4. Nc3 Nf6 5. Bg5 Bg4 6. h3 Bxf3 7. exf3 Nbd7 8. Be2 c5 9. d5 O-O 10. Qd2 a6 11. O-O Rb8 12. a4 Qb6 13. a5 Qc7 14. Rfe1 b6 15. Bf1 Rfe8 16. Ra3 bxa5 17. b3 Rb4 18. Bd3 e6 19. Bc2 exd5 20. Rxe8+ Nxe8 21. Nxd5 Qc6 22. Ne7+ 1-0

[Event "WY U-16 Chess Olympiad 2019"]
[Site "Corum"]
[Date "2019.10.31"]
[Round "4"]
[White "Pobor, Milo"]
[Black "Navaratnam, Rohan Shan Tze"]
[Result "1/2-1/2"]
[WhiteElo "2064"]
[BlackElo "2061"]
[Annotator "NA"]
[PlyCount "48"]
[EventDate "2019.10.28"]
[EventType "team-tourn"]
[EventCountry "TUR"]
[SourceTitle "playchess.com"]
[Source "ChessBase"]
[SourceQuality "1"]

1. e4 c5 2. Nf3 e6 3. d4 cxd4 4. Nxd4 Nf6 5. Nc3 Nc6 6. Nxc6 bxc6 7. Bd3 d5 8. O-O Be7 9. Re1 O-O 10. Qf3 d4 11. e5 dxc3 12. exf6 Bxf6 13. b3 Bb7 14. Be4 Qc7 15. Bf4 Qb6 16. Re3 Bd4 17. Bxh7+ Kxh7 18. Qh5+ Kg8 19. Rh3 f5 20. Bd6 Rfd8 21. Qh7+ Kf7 22. Qh5+ Kg8 23. Qh7+ Kf7 24. Qh5+ Kg8 1/2-1/2

[Event "WY U-16 Chess Olympiad 2019"]
[Site "Corum"]
[Date "2019.10.31"]
[Round "4"]
[White "Modi, Yashil"]
[Black "Abdikani Nor, Mohamed"]
[Result "1-0"]
[WhiteElo "2053"]
[BlackElo "1518"]
[Annotator "NA"]
[PlyCount "49"]
[EventDate "2019.10.28"]
[EventType "team-tourn"]
[EventCountry "TUR"]
[SourceTitle "playchess.com"]
[Source "ChessBase"]
[SourceQuality "1"]

1. d4 d5 2. c4 e6 3. Nf3 Nf6 4. g3 Bb4+ 5. Bd2 Bxd2+ 6. Qxd2 O-O 7. Bg2 Ne4 8. Qc2 Nc6 9. O-O Bd7 10. Rd1 f5 11. Nc3 Nxc3 12. Qxc3 f4 13. cxd5 exd5 14. Qb3 Bc8 15. Ne5 Ne7 16. gxf4 Rxf4 17. Rac1 c6 18. e4 Kh8 19. exd5 cxd5 20. Rc5 Qf8 21. Bxd5 Nxd5 22. Qxd5 Bh3 23. Rc7 Rxf2 24. Nf7+ Rxf7 25. Qxf7 1-0

[Event "WY U-16 Chess Olympiad 2019"]
[Site "Corum"]
[Date "2019.10.31"]
[Round "4"]
[White "Vujovic, Savo"]
[Black "Lee, Care Greene"]
[Result "1-0"]
[WhiteElo "2040"]
[BlackElo "1950"]
[Annotator "NA"]
[PlyCount "69"]
[EventDate "2019.10.28"]
[EventType "team-tourn"]
[EventCountry "TUR"]
[SourceTitle "playchess.com"]
[Source "ChessBase"]
[SourceQuality "1"]

1. e4 c5 2. Nf3 d6 3. d4 cxd4 4. Nxd4 Nf6 5. Nc3 g6 6. Be3 Bg7 7. f3 O-O 8. Qd2 Nc6 9. O-O-O d5 10. Qe1 e5 11. Nxc6 bxc6 12. exd5 Nxd5 13. Bc4 Be6 14. h4 Rb8 15. Ne4 Qc7 16. Bc5 Rfd8 17. Bb3 h5 18. Kb1 Kh8 19. Ng5 Nf4 20. Bxe6 Nxe6 21. Nxe6 fxe6 22. Qe4 Rd5 23. Be3 Qa5 24. Bc1 Kh7 25. g4 Rb4 26. c4 Qd8 27. gxh5 Rxd1 28. Qxg6+ Kg8 29. Rxd1 Qxd1 30. Qxe6+ Kf8 31. h6 Bxh6 32. Qxh6+ Kf7 33. Qh5+ Ke6 34. Qe8+ Kf6 35. Qf8+ 1-0

[Event "WY U-16 Chess Olympiad 2019"]
[Site "Corum"]
[Date "2019.10.31"]
[Round "4"]
[White "Ahmed, Jaza Jamal"]
[Black "Cardoso Cardoso, Jose Gabriel"]
[Result "0-1"]
[WhiteElo "2011"]
[BlackElo "2313"]
[Annotator "NA"]
[PlyCount "178"]
[EventDate "2019.10.28"]
[EventType "team-tourn"]
[EventCountry "TUR"]
[SourceTitle "playchess.com"]
[Source "ChessBase"]
[SourceQuality "1"]

1. e4 c5 2. Nc3 a6 3. Nge2 d6 4. d4 cxd4 5. Nxd4 Nf6 6. Bg5 Nbd7 7. f4 Qc7 8. Qf3 b5 9. Bd3 Bb7 10. a3 e6 11. O-O-O Be7 12. Rhe1 O-O 13. Qg3 Rfe8 14. e5 dxe5 15. fxe5 Nd5 16. Nxd5 Bxg5+ 17. Qxg5 Bxd5 18. Re3 h6 19. Qh5 Nc5 20. Rg3 Nxd3+ 21. Rdxd3 Be4 22. Rc3 Qb8 23. Qxh6 Qxe5 24. Qe3 Qd5 25. Nc6 Bg6 26. Qc5 Qxc5 27. Rxc5 Be4 28. Kd2 f6 29. Ke3 Bh7 30. c4 bxc4 31. Rxc4 e5 32. Ke2 Re6 33. Rgc3 Rd6 34. Rb4 Rd7 35. Nb8 Rd8 36. Nc6 Rd7 37. Nb8 Re7 38. Nc6 Re6 39. Ke3 f5 40. g3 Rf8 41. h4 f4+ 42. gxf4 exf4+ 43. Kf3 Re1 44. Rcc4 Re3+ 45. Kf2 Re6 46. Rb8 Rxb8 47. Nxb8 Rb6 48. Rc8+ Kf7 49. b4 Be4 50. Rc4 Bd5 51. Rxf4+ Ke7 52. Rf8 Be6 53. Rh8 Kd6 54. Re8 Kc7 55. Ke3 Bc8 56. Nxa6+ Rxa6 57. Re7+ Kd6 58. Rxg7 Ke5 59. Rg5+ Bf5 60. Rg8 Rxa3+ 61. Kd2 Rd3+ 62. Ke2 Rd4 63. b5 Rxh4 64. b6 Rb4 65. Rb8 Be4 66. Ke3 Rb3+ 67. Kd2 Kd4 68. Rd8+ Kc5 69. Rc8+ Kxb6 70. Rc3 Rb4 71. Ke3 Bc6 72. Rc1 Kc7 73. Rf1 Kd6 74. Rf4 Rb1 75. Rg4 Rb3+ 76. Kf4 Rf3+ 77. Kg5 Ke5 78. Kh6 Be4 79. Kg7 Rh3 80. Kg8 Bf5 81. Rg7 Be6+ 82. Kf8 Rh8+ 83. Ke7 Ra8 84. Rg5+ Bf5 85. Rg1 Ra7+ 86. Ke8 Kf6 87. Kd8 Rd7+ 88. Ke8 Rd2 89. Rc1 Bg6+ 0-1

[Event "WY U-16 Chess Olympiad 2019"]
[Site "Corum"]
[Date "2019.10.31"]
[Round "4"]
[White "Juhasz, Judit"]
[Black "Ravlusevic, Evelina"]
[Result "1-0"]
[WhiteElo "2004"]
[BlackElo "1762"]
[Annotator "NA"]
[PlyCount "77"]
[EventDate "2019.10.28"]
[EventType "team-tourn"]
[EventCountry "TUR"]
[SourceTitle "playchess.com"]
[Source "ChessBase"]
[SourceQuality "1"]

1. e4 c5 2. Nf3 e6 3. Nc3 a6 4. d4 cxd4 5. Nxd4 b5 6. Bd3 Bb7 7. O-O Qc7 8. Be3 Nf6 9. Re1 Be7 10. a3 d5 11. exd5 Nxd5 12. Qg4 Nf6 13. Qh3 Nbd7 14. Rad1 Rg8 15. Bg5 O-O-O 16. Be4 h6 17. Bxf6 gxf6 18. Bxb7+ Qxb7 19. Nf5 Ne5 20. Nxe7+ Qxe7 21. Ne4 f5 22. Qc3+ Nc4 23. b3 Rxd1 24. Rxd1 fxe4 25. bxc4 Qc7 26. Qf6 Rg6 27. Qd4 bxc4 28. Qxe4 Kb8 29. Rb1+ Ka7 30. Qd4+ Ka8 31. Rb6 e5 32. Qe4+ Ka7 33. Rxg6 fxg6 34. Qxg6 Qb6 35. Qxb6+ Kxb6 36. g4 Ka5 37. h4 Ka4 38. g5 Kxa3 39. gxh6 1-0

[Event "WY U-16 Chess Olympiad 2019"]
[Site "Corum"]
[Date "2019.10.31"]
[Round "4"]
[White "Kilic, Eray"]
[Black "Yu, Kaifeng"]
[Result "0-1"]
[WhiteElo "2001"]
[BlackElo "2367"]
[Annotator "NA"]
[PlyCount "102"]
[EventDate "2019.10.28"]
[EventType "team-tourn"]
[EventCountry "TUR"]
[SourceTitle "playchess.com"]
[Source "ChessBase"]
[SourceQuality "1"]

1. Nf3 Nf6 2. c4 e6 3. g3 d5 4. Bg2 c5 5. O-O d4 6. d3 Nc6 7. e3 Be7 8. exd4 cxd4 9. Re1 O-O 10. Nbd2 Nd7 11. Ne4 h6 12. Qe2 Re8 13. g4 Bb4 14. Ned2 Bf8 15. Nf1 Nc5 16. Bd2 e5 17. h3 e4 18. dxe4 d3 19. Qd1 Nxe4 20. Bf4 Bc5 21. Be3 Be6 22. Bxc5 Nxc5 23. Ne3 Qf6 24. Nd5 Bxd5 25. cxd5 Nb4 26. Rc1 b6 27. a3 Nxd5 28. b4 Nc3 29. Rxc3 Qxc3 30. bxc5 Rxe1+ 31. Nxe1 Rd8 32. Bf1 bxc5 33. Bxd3 c4 34. Bh7+ Kxh7 35. Qxd8 Qxe1+ 36. Kg2 Qe4+ 37. f3 Qd3 38. Qxd3+ cxd3 39. Kf2 Kg6 40. Ke3 Kg5 41. Kxd3 Kf4 42. Kc4 Kxf3 43. Kd5 Kg3 44. Kc6 g6 45. Kb7 f5 46. gxf5 gxf5 47. Kxa7 f4 48. a4 f3 49. a5 f2 50. a6 f1=Q 51. Kb8 Qxa6 0-1

[Event "WY U-16 Chess Olympiad 2019"]
[Site "Corum"]
[Date "2019.10.31"]
[Round "4"]
[White "Acimovic, Sergej"]
[Black "Baranciuc, Alexandr"]
[Result "0-1"]
[WhiteElo "1998"]
[BlackElo "1923"]
[Annotator "NA"]
[PlyCount "96"]
[EventDate "2019.10.28"]
[EventType "team-tourn"]
[EventCountry "TUR"]
[SourceTitle "playchess.com"]
[Source "ChessBase"]
[SourceQuality "1"]

1. d4 Nf6 2. c4 c5 3. d5 e6 4. Nc3 exd5 5. cxd5 d6 6. e4 g6 7. Be2 Bg7 8. Nf3 O-O 9. O-O Re8 10. Qc2 Na6 11. Re1 Rb8 12. h3 Nc7 13. a4 a6 14. a5 b5 15. axb6 Rxb6 16. Bg5 h6 17. Bd2 Bd7 18. Bd3 Qb8 19. Qc1 Kh7 20. Ra2 Qb7 21. Bf4 Nh5 22. Bh2 Rb8 23. g4 Nf6 24. Nd2 Rxb2 25. Rxb2 Qxb2 26. Bxd6 Nfe8 27. Bxc7 Nxc7 28. Ne2 a5 29. Nb1 Bb5 30. Bxb5 Nxb5 31. Qd1 Nd4 32. Nec3 Be5 33. d6 Bxd6 34. e5 Be7 35. Ne4 Qb3 36. Nbd2 Qxd1 37. Rxd1 a4 38. Ra1 Rb4 39. Nc3 Nb3 40. Ra2 Nxd2 41. Rxd2 Rc4 42. Nd5 Rd4 43. Ra2 Rxd5 44. Rxa4 Rxe5 45. Kg2 Kg7 46. Ra7 Rd5 47. Rc7 Bf6 48. Kf3 Rd2 0-1

[Event "WY U-16 Chess Olympiad 2019"]
[Site "Corum"]
[Date "2019.10.31"]
[Round "4"]
[White "Gurel, Ediz"]
[Black "Zhang, Xiao"]
[Result "0-1"]
[WhiteElo "1995"]
[BlackElo "2053"]
[Annotator "NA"]
[PlyCount "128"]
[EventDate "2019.10.28"]
[EventType "team-tourn"]
[EventCountry "TUR"]
[SourceTitle "playchess.com"]
[Source "ChessBase"]
[SourceQuality "1"]

1. d4 Nf6 2. c4 e6 3. Nf3 d5 4. g3 dxc4 5. Qc2 a6 6. a4 Nbd7 7. Bg2 c5 8. O-O Nd5 9. e4 Nb4 10. Qxc4 cxd4 11. Nxd4 Nb6 12. Qc3 Bd7 13. b3 Rc8 14. Qd2 a5 15. Na3 Be7 16. Bb2 O-O 17. Qe2 e5 18. Nf3 f6 19. Rfd1 Qe8 20. Rac1 Bc5 21. Nd2 Qg6 22. Ndc4 Bg4 23. Bf3 Bxf3 24. Qxf3 Nxc4 25. Nxc4 b6 26. Rd7 Nc6 27. Ne3 Rcd8 28. Rc7 Nb4 29. Nf5 Rf7 30. R1xc5 bxc5 31. Ne7+ Rxe7 32. Rxe7 h5 33. h4 Rd3 34. Qe2 Qg4 35. Qxg4 hxg4 36. Ba3 Rxb3 37. Bxb4 Rxb4 38. Rc7 Rxe4 39. Rxc5 Rxa4 40. Rc7 Ra1+ 41. Kg2 Ra4 42. Ra7 Kh7 43. Kf1 Ra2 44. Ke1 a4 45. Kf1 Kg6 46. Kg2 a3 47. Ra4 f5 48. Ra6+ Kh7 49. Re6 f4 50. gxf4 exf4 51. Kg1 f3 52. Re3 Ra1+ 53. Kh2 Rf1 54. Rxa3 Rxf2+ 55. Kg1 Rb2 56. Kf1 Kg6 57. Ra5 Kh6 58. Rg5 Rg2 59. Rc5 Rh2 60. Kg1 Rxh4 61. Kf2 Rh2+ 62. Kg1 Ra2 63. Rf5 g6 64. Rf8 Kg5 0-1

[Event "WY U-16 Chess Olympiad 2019"]
[Site "Corum"]
[Date "2019.10.31"]
[Round "4"]
[White "Kolev, Lachezar"]
[Black "Tarasenka, Aliaksandra"]
[Result "0-1"]
[WhiteElo "1983"]
[BlackElo "2142"]
[Annotator "NA"]
[PlyCount "86"]
[EventDate "2019.10.28"]
[EventType "team-tourn"]
[EventCountry "TUR"]
[SourceTitle "playchess.com"]
[Source "ChessBase"]
[SourceQuality "1"]

1. e4 e6 2. Nf3 d5 3. Nc3 d4 4. Ne2 c5 5. c3 Nc6 6. cxd4 Nf6 7. Ng3 cxd4 8. d3 Bd6 9. Be2 O-O 10. O-O h6 11. Ne1 e5 12. f4 exf4 13. Bxf4 Bxf4 14. Rxf4 Qd6 15. Qd2 Ne5 16. Nc2 Ng6 17. Rf2 Ng4 18. Bxg4 Bxg4 19. Raf1 Rac8 20. Na3 Ne5 21. h3 Bd7 22. Ne2 Qg6 23. Kh1 Rfd8 24. Nf4 Qg3 25. Nc4 Nxc4 26. dxc4 Be8 27. b3 Rc6 28. Nd5 Re6 29. Qxd4 Kh8 30. Qxa7 Bc6 31. Qd4 f6 32. b4 Re5 33. b5 Be8 34. Rf3 Qg6 35. Qb6 Rc8 36. Qxb7 Rxc4 37. Ne7 Qf7 38. Ng6+ Qxg6 39. b6 Rc2 40. R3f2 Rxf2 41. Rxf2 Qg3 42. Rc2 Rb5 43. Qa8 Rb1+ 0-1

[Event "WY U-16 Chess Olympiad 2019"]
[Site "Corum"]
[Date "2019.10.31"]
[Round "4"]
[White "Pipiras, Filipa Fortuna"]
[Black "Dahampriya, H K T Dewnethmie"]
[Result "1-0"]
[WhiteElo "1939"]
[BlackElo "1629"]
[Annotator "NA"]
[PlyCount "123"]
[EventDate "2019.10.28"]
[EventType "team-tourn"]
[EventCountry "TUR"]
[SourceTitle "playchess.com"]
[Source "ChessBase"]
[SourceQuality "1"]

1. d4 Nf6 2. c4 g6 3. Nc3 Bg7 4. e4 d6 5. Be2 O-O 6. Be3 Na6 7. h4 c5 8. d5 h5 9. f3 e6 10. dxe6 Bxe6 11. Nh3 Qe7 12. Nf4 Bd7 13. Qd2 Rfd8 14. Rd1 Be8 15. Nfd5 Nxd5 16. Nxd5 Qe5 17. b3 Bc6 18. Bf4 Qe6 19. Bg5 Rd7 20. Be3 Qe8 21. O-O Bxd5 22. cxd5 Nc7 23. b4 b6 24. bxc5 bxc5 25. Rb1 Rb8 26. Bf2 Rdd8 27. Qa5 Qe7 28. Bc4 Na8 29. a4 Be5 30. Qd2 Rb6 31. a5 Rbb8 32. Rfd1 Bf6 33. g3 Nc7 34. Qd3 Ne8 35. Kg2 Qc7 36. a6 Rxb1 37. Rxb1 Rb8 38. Rb3 Rb6 39. Qb1 Qb8 40. Rxb6 axb6 41. Qb5 Nc7 42. Qc6 b5 43. Be2 b4 44. Qb7 Qd8 45. a7 Na8 46. Bb5 b3 47. Bc6 b2 48. Qb8 Nb6 49. e5 b1=Q 50. exf6 Qf8 51. a8=Q Nxa8 52. Qxb1 Nc7 53. Qb6 Qd8 54. Qb2 Na6 55. Be1 Nb8 56. Bc3 Kh7 57. Qb7 Kg8 58. Qe7 Qc8 59. Qe8+ Qxe8 60. Bxe8 Kf8 61. Bb5 Kg8 62. Ba5 1-0

[Event "WY U-16 Chess Olympiad 2019"]
[Site "Corum"]
[Date "2019.10.31"]
[Round "4"]
[White "Veljanoski, Andrej"]
[Black "Sapenov, Daniyal"]
[Result "1-0"]
[WhiteElo "1936"]
[BlackElo "1656"]
[Annotator "NA"]
[PlyCount "127"]
[EventDate "2019.10.28"]
[EventType "team-tourn"]
[EventCountry "TUR"]
[SourceTitle "playchess.com"]
[Source "ChessBase"]
[SourceQuality "1"]

1. e4 e5 2. Nf3 Nf6 3. d4 Nxe4 4. Bd3 d5 5. Nxe5 Nd7 6. O-O Bd6 7. Bxe4 dxe4 8. Nc4 O-O 9. Nxd6 cxd6 10. c4 f5 11. Bf4 Nf6 12. d5 Qe7 13. Na3 Bd7 14. Rc1 Rac8 15. Re1 Kh8 16. Qd4 Nh5 17. Bd2 b6 18. b4 Be8 19. f3 Bg6 20. Nb5 f4 21. Rxe4 Bxe4 22. Qxe4 Qd7 23. Nd4 Nf6 24. Qe6 Rfe8 25. Qxd7 Nxd7 26. Nb5 Re2 27. Bxf4 g5 28. Nxd6 Rf8 29. Bg3 g4 30. c5 gxf3 31. gxf3 bxc5 32. bxc5 Nf6 33. Rd1 Rc2 34. Ne4 Nxe4 35. fxe4 Rxc5 36. Be5+ Kg8 37. Bd6 Rc2 38. Bxf8 Kxf8 39. Rf1+ Ke7 40. Rf2 Rc4 41. Re2 Kd6 42. Kf2 Ke5 43. Kf3 a5 44. Kg4 a4 45. Kg5 Rc3 46. Rd2 Rc7 47. h4 Rb7 48. h5 a3 49. Rd1 Rg7+ 50. Kh6 Rd7 51. Re1 Rb7 52. Re3 Ra7 53. Kg5 Kd4 54. Re1 Ke5 55. Kg4 Rg7+ 56. Kf3 Rg5 57. Rd1 Kd6 58. h6 Rg6 59. Rc1 Rf6+ 60. Ke3 Kd7 61. Rc6 Rxc6 62. dxc6+ Kxc6 63. Kf4 Kd7 64. Kf5 1-0